Socialist register 2005. El Imperio recargado /
Spremljeno u:
| Glavni autor: | |
|---|---|
| Daljnji autori: | |
| Format: | Tekst |
| Izdano: |
Buenos Aires:
CLACSO
|
| Teme: | |
| Oznake: |
Dodaj oznaku
Bez oznaka, Budi prvi tko označuje ovaj zapis!
|
MARC
| LEADER | 00000 a a2200000 04500 | ||
|---|---|---|---|
| 001 | 32471 | ||
| 003 | |||
| 040 | |a CRAI/IIS |c CRAI/IIS | ||
| 020 | |a 987-1183-30-5 | ||
| 090 | |a 202501 | ||
| 100 | |a Panitch, Leo | ||
| 245 | |a Socialist register 2005. El Imperio recargado / |c Leo Panitch | ||
| 260 | |a Buenos Aires: |b CLACSO | ||
| 300 | |a 362 p. | ||
| 650 | |a MERCADO FINANCIERO INTERNACIONAL | ||
| 650 | |a SISTEMA MONETARIO INTERNACIONAL | ||
| 650 | |a IMPERIALISMO | ||
| 650 | |a ESTADOS UNIDOS | ||
| 650 | |a NEOLIBERALISMO | ||
| 700 | |a ed. |a Leys, Colin |a ed. | ||
| 999 | |c 17538 |d 17538 | ||



